Đèn điện tử Luận văn tốt nghiệp Đại học sư phạm ngành Vật lí Khóa 09

Đã lưu trong:
書目詳細資料
主要作者: Nguyễn Đức An
格式: 圖書
語言:Undetermined
出版: Cần Thơ Trường Đại học Cần Thơ, Khoa Sư phạm, Bộ môn Vật lí 1987
主題:
標簽: 添加標簽
沒有標簽, 成為第一個標記此記錄!
Thư viện lưu trữ: Trung tâm Học liệu Trường Đại học Cần Thơ
LEADER 00709nam a2200193Ia 4500
001 CTU_25620
008 210402s9999 xx 000 0 und d
082 |a 621.381 
082 |b A105/1987 
100 |a Nguyễn Đức An 
245 0 |a Đèn điện tử 
245 0 |b Luận văn tốt nghiệp Đại học sư phạm ngành Vật lí Khóa 09 
245 0 |c Nguyễn Đức An 
260 |a Cần Thơ 
260 |b Trường Đại học Cần Thơ, Khoa Sư phạm, Bộ môn Vật lí 
260 |c 1987 
650 |a electronic circuits,electronics 
904 |i Nguyễn Quang Điền, 980929 
980 |a Trung tâm Học liệu Trường Đại học Cần Thơ